[Event "It"]
[Site "masterchessopen.com Bad Gastein"]
[Round "19"]
[White "Palme Rudolf (AUT)"]
[Black "Dorn Max (AUT)"]
[Result "0-1"]
[WhiteElo "2220"]
[BlackElo "2210"]

1.d4 Nf6 2.c4 g6 3.Nc3 d5 4.Bf4 Bg7 5.e3 c5 6.cxd5 Nxd5 7.Bxb8 Rxb8 8.Qa4+ Bd7
9.Qxa7 Nb4 10.Rc1 cxd4 11.exd4 Nc6 12.Qa3 Ra8 13.Qb3 Nxd4 14.Qd1 Qa5 15.Bd3
Bc6 16.Kf1 O-O 17.h4 Rfd8 18.h5 Qg5 19.Rh2 Ne6 20.Nge2 Nc5 21.f4 Qg4 22.Rc2
Rxd3 23.Qe1 Rad8 {#R} 0-1

[Event "Ch Hungary"]
[Site "masterchessopen.com Budapest (Hungary)"]
[Round "0"]
[White "Fuster Geza (CAN)"]
[Black "Gereben Erno (SUI)"]
[Result "0-1"]
[WhiteElo "2280"]
[BlackElo "2320"]

1.d4 Nf6 2.c4 g6 3.Nc3 d5 4.Bf4 Bg7 5.e3 Be6 6.c5 O-O 7.Be2 Ne4 8.Rc1 g5
9.Nxe4 gxf4 10.Ng5 Bf5 11.exf4 h6 12.N5f3 Be4 13.Qd2 a5 14.Kf1 Nc6 15.Ne5 Nxe5
16.dxe5 f6 17.exf6 Rxf6 18.f3 Bf5 19.Rd1 c6 20.g3 Qc7 21.Kg2 Raf8 22.Bd3 e5
23.fxe5 Qxe5 24.f4 Qe7 25.Bxf5 Rxf5 26.Qc2 d4 27.Nf3 Rxc5 28.Qb3+ Rd5 29.Rhe1
Qf7 30.Qd3 a4 31.Re2 Rb5 32.a3 Re8 33.Rxe8+ Qxe8 34.Re1 Rxb2+ 35.Kg1 Qf7
36.Nxd4 Qd5 37.Rd1 Qg2# 0-1

[Event "Memorial A.Alekhine"]
[Site "masterchessopen.com Budapest (Hungary)"]
[Round "0"]
[White "Navarovszky Laszlo (HUN)"]
[Black "Honfi Karoly (HUN)"]
[Result "0-1"]
[WhiteElo "2280"]
[BlackElo "2365"]

1.d4 Nf6 2.c4 g6 3.Nc3 d5 4.Bf4 Bg7 5.e3 Be6 6.Nf3 O-O 7.Ng5 c5 8.Nxe6 fxe6
9.Be2 Nc6 10.O-O Qa5 11.Nb5 cxd4 12.Bc7 b6 13.Nxd4 Nxd4 14.Qxd4 Rac8 15.Bg3
Nd7 16.Qg4 Rf5 17.cxd5 exd5 18.Bd3 Nf6 19.Qh3 Ne4 20.f3 Nxg3 21.hxg3 Rff8
22.Qe6+ Kh8 23.Kh2 Bxb2 24.Bxg6 hxg6 25.Qxg6 Bg7 26.Rh1 Rf6 27.Kg1+ Kg8
28.Qh7+ Kf8 29.Rd1 Qc3 30.Rh5 Qxe3+ 31.Kh2 e6 32.Rd3 Qe2 {#R} 0-1

[Event "Ch World (team) (under 26) (prel-D)"]
[Site "masterchessopen.com Varna (Bulgaria)"]
[Round "3"]
[White "Panno Oscar (ARG)"]
[Black "Soderborg Berndt (SWE)"]
[Result "0-1"]
[WhiteElo "2438"]
[BlackElo "2096"]

1.d4 Nf6 2.c4 g6 3.Nc3 d5 4.Bf4 Bg7 5.e3 c5 6.dxc5 Qa5 7.Qa4+ Qxa4 8.Nxa4 Bd7
9.Nc3 dxc4 10.Bxc4 Bc6 11.f3 Nbd7 12.Nge2 Nxc5 13.Kf2 a6 14.Nd4 Rc8 15.Rac1 b5
16.Be2 Bb7 17.Rhd1 Nfd7 18.Bg5 h6 19.Bh4 e5 20.Nc2 f5 21.Kg1 g5 22.Be1 Ke7
23.Nb4 Rhd8 24.Nbd5+ Ke6 25.e4 Bxd5 26.exf5+ Kxf5 {#R} 0-1

[Event "Olympiad (students) (team)"]
[Site "masterchessopen.com Leningrad (Russia)"]
[Round "4"]
[White "Marsalek Josef (CZE)"]
[Black "Soderborg Berndt (SWE)"]
[Result "0-1"]
[WhiteElo "2071"]
[BlackElo "2096"]

1.d4 Nf6 2.c4 g6 3.Nc3 d5 4.Bf4 Bg7 5.e3 c5 6.Nf3 Qa5 7.Qb3 cxd4 8.Nxd4 dxc4
9.Bxc4 O-O 10.Bxb8 Rxb8 11.Nc6 bxc6 12.Qxb8 Ne4 13.Rc1 Nxc3 14.bxc3 Bxc3+
15.Kf1 Qa3 16.Rb1 Bf5 17.Qb3 Qa5 18.Rc1 Be5 19.f4 Rb8 20.fxe5 Rxb3 21.axb3 Qd2
22.Re1 Bd3+ 23.Bxd3 Qxd3+ 24.Kf2 Qxb3 25.Re2 Qd5 26.Rc1 Qxe5 27.Rxc6 Qxh2
28.Ra6 Qh4+ 29.Kg1 g5 30.Rxa7 g4 31.Ra4 Qh5 32.g3 Kg7 33.Rf4 Qg5 34.e4 h5
35.Rf5 Qc1+ 36.Kg2 Qc4 37.Kf2 Kg6 38.Rd5 e6 39.Rd8 Qc3 40.Rdd2 Qf3+ 41.Kg1
Qxg3+ {#R} 0-1

[Event "Ch Pan-American"]
[Site "masterchessopen.com Habana (Cuba)"]
[Round "8"]
[White "De Greif Boris (COL)"]
[Black "Foguelman Alberto (ARG)"]
[Result "0-1"]
[WhiteElo "2255"]
[BlackElo "2310"]

1.d4 Nf6 2.c4 g6 3.Nc3 d5 4.Bf4 Bg7 5.e3 c5 6.dxc5 Qa5 7.Qa4+ Qxa4 8.Nxa4 Ne4
9.f3 Bd7 10.fxe4 Bxa4 11.exd5 Bxb2 12.Rb1 Bc3+ 13.Kf2 Nd7 14.Ne2 Ba5 15.Rxb7
Nxc5 16.Rb8+ Rxb8 17.Bxb8 O-O 18.Bxa7 Nd3+ 19.Kg1 Ra8 20.Ng3 Bc2 21.Bd4 Bb4
22.h4 Rxa2 23.Ne4 Nc1 24.Ng5 Nb3 25.Nf3 Be4 26.Ng5 Bf5 27.Nf3 Rc2 28.Kh2 f6
29.Rg1 Bd6+ 30.Kh1 Bg3 31.c5 Be4 32.Nh2 Bf2 33.d6 Nxd4 34.dxe7 Kf7 35.e8=Q+
Kxe8 36.exd4 Bxd4 37.Bb5+ Kd8 38.Nf3 Bxg1 39.Kxg1 Bxf3 40.gxf3 Rxc5 {#R} 0-1

[Event "It"]
[Site "masterchessopen.com Zinnowitz (Germany)"]
[Round "11"]
[White "Moehring Guenther (GER)"]
[Black "Malich Burkhard Dr (GER)"]
[Result "0-1"]
[WhiteElo "2294"]
[BlackElo "2347"]

1.d4 Nf6 2.c4 g6 3.Nc3 d5 4.Bf4 Bg7 5.e3 c6 6.cxd5 Nxd5 7.Nxd5 Qxd5 8.Ne2 Nd7
9.Nc3 Qa5 10.Be2 O-O 11.O-O e5 12.dxe5 Nxe5 13.Qd6 Be6 14.b4 Qd8 15.Bxe5 Qxd6
16.Bxd6 Bxc3 17.Rac1 Rfd8 18.Rfd1 Bf6 19.Rc2 Rd7 20.Bf4 Rxd1+ 21.Bxd1 a5 {#R}
0-1

[Event "Ch Czechoslovakia"]
[Site "masterchessopen.com Bratislava (Slovakia)"]
[Round "9"]
[White "Kupka Slavoj (CZE)"]
[Black "Lechtynsky Jiri (CZE)"]
[Result "0-1"]
[WhiteElo "2169"]
[BlackElo "2375"]

1.d4 Nf6 2.c4 g6 3.Nc3 d5 4.Bf4 Bg7 5.e3 c5 6.dxc5 Qa5 7.Qa4+ Qxa4 8.Nxa4 Ne4
9.f3 Bd7 10.fxe4 Bxa4 11.cxd5 Bxb2 12.Rb1 Bc3+ 13.Kf2 Nd7 14.Rc1 Nxc5 15.Rxc3
Nxe4+ 16.Ke1 Nxc3 17.Be5 Ne4 18.Bxh8 f6 19.Bg7 Rc8 20.Ne2 Rc2 21.Rg1 Rxa2
22.Nd4 b5 23.Bd3 Ra1+ 24.Ke2 Rxg1 25.Bxe4 b4 26.d6 b3 27.dxe7 Kxe7 28.Kf2 Rc1
29.g4 b2 30.g5 fxg5 31.Nf5+ gxf5 32.Bxb2 Rd1 33.Ba3+ Ke6 34.Bb7 Rd2+ 35.Kg3 h5
36.h4 f4+ 37.Kf3 Bd1+ 38.Ke4 f3 39.Bc8+ Rd7 40.Bxd7+ Kxd7 {#R} 0-1

[Event "It"]
[Site "masterchessopen.com Buesum (Germany)"]
[Round "9"]
[White "Hess Ralf (GER)"]
[Black "Smejkal Jan (CZE)"]
[Result "0-1"]
[WhiteElo "2319"]
[BlackElo "2504"]

1.d4 Nf6 2.c4 g6 3.Nc3 d5 4.Bf4 Bg7 5.e3 c5 6.dxc5 Qa5 7.Qa4+ Qxa4 8.Nxa4 Ne4
9.cxd5 Bd7 10.f3 Bxa4 11.fxe4 Bxb2 12.Rb1 Bc3+ 13.Kf2 Nd7 14.c6 bxc6 15.dxc6
Bxc6 16.Ne2 Bg7 17.e5 O-O 18.Rc1 Bd5 19.Rc7 Nxe5 20.Nc3 Be6 21.Nb5 a6 22.Nd4
Bxa2 23.Rxe7 Ng4+ 24.Kf3 Nf6 25.Bd3 Nd5 26.Rd7 Nxf4 27.Kxf4 a5 28.Ra1 Be6
29.Rd6 a4 30.Ra3 Bf6 31.Ra6 Rxa6 32.Bxa6 Ra8 33.Rxa4 Bxd4 34.exd4 Bd7 35.Ra2
Bb5 36.Bxb5 Rxa2 37.Bc6 Kf8 38.Bf3 h6 39.Ke5 Ke7 40.Kf4 Ke6 41.h3 f5 42.Ke3
Ra3+ 43.Kf4 g5+ 44.Kg3 Rd3 45.d5+ Rxd5 46.Bxd5+ Kxd5 {#R} 0-1

[Event "Ch World (match) (cand.) (fin)"]
[Site "masterchessopen.com Buenos Aires (Argentina)"]
[Round "2"]
[White "Petrosian Tigran V (ARM)"]
[Black "Fischer Robert J (USA)"]
[Result "1-0"]
[WhiteElo "2640"]
[BlackElo "2760"]

1.d4 Nf6 2.c4 g6 3.Nc3 d5 4.Bf4 Bg7 5.e3 c5 6.dxc5 Qa5 7.Rc1 Ne4 8.cxd5 Nxc3
9.Qd2 Qxa2 10.bxc3 Qa5 11.Bc4 Nd7 12.Ne2 Ne5 ( 12...Nxc5 { = } ) 13.Ba2 Bf5 {
? } ( 13...Qxc5 { ! ? - ECO } ) 14.Bxe5 { ! } ( 14.O-O { ? } 14...Nd3 15.Ra1
Nxf4 16.Nxf4 Qxc5 { ? } ) ( 14.Bb1 { ? } 14...Nc4 15.Qa2 Qxc5 16.Bxf5 gxf5 { ?
Kholmov } ) 14...Bxe5 15.Nd4 Qxc5 ( 15...Bd7 16.c6 ( 16.Rb1 { ! ± Mednis } )
16...bxc6 17.dxc6 Bc8 18.f4 { ± Petrosian, Suetin } ( 18.O-O O-O ( 18...Ba6
19.Rfd1 O-O 20.f4 Bg7 21.Ra1 { ! ± } ) 19.f4 Bg7 20.Bc4 Qc5 21.Be2 { ± ?c
Kholmov } ) ) 16.Nxf5 gxf5 17.O-O { ± } 17...Qa5 ( 17...O-O-O 18.Qc2 { ± } ) (
17...O-O 18.Qd3 ( 18.Qc2 { !? } ) 18...Qc8 19.Bb1 ( 19.c4 { !? ? c5 } 19...b6
20.Bb1 e6 21.g4 { ! ± } ) 19...Rd8 20.c4 e6 21.g4 Qd7 ( 21...fxg4 { ? } 22.f4
Bf6 23.Qxh7+ Kf8 24.e4 Qc5+ 25.Kh1 exd5 ( 25...Bb2 26.f5 { ! } 26...exd5 27.f6
{ ! } 27...Ke8 28.exd5 Bxc1 29.Bf5 Bd2 30.Rf2 { ! +?? } ) 26.cxd5 Qb5 27.e5
Bg7 28.d6 { ± } ) 22.f4 Bg7 23.gxf5 exd5 24.Rcd1 { ! ± } ( 24.f6 { ? }
24...Bxf6 25.Qxh7+ Kf8 { ? } ) ) ( 17...Rc8 18.Qd3 Bxc3 19.Qxf5 Rc7 20.e4 b5
21.e5 b4 22.Rfe1 { ! ± } ) ( 17...Qc7 18.f4 Bd6 ( 18...Bf6 19.Qd3 Qd7 20.c4 b6
21.e4 fxe4 22.Qxe4 { ± } ) 19.Qd4 { ! } 19...Rg8 20.Qd3 Qd7 21.c4 Bc5 22.Bb1
O-O-O 23.Kh1 e6 24.e4 fxe4 25.Qxe4 exd5 26.Qe5 { ! ± Kholmov } ( 26.Qxh7 { ? }
26...Rh8 27.Qf5 Qxf5 28.Bxf5+ Kb8 29.cxd5 Rxd5 30.Be4 Rdh5 { = } ) ( 26.cxd5 {
? } 26...Qxd5 { ! } 27.Qxd5 ( 27.Qf5+ { ? } 27...Kb8 28.Rxc5 { ? } 28...Qxg2#
{ # } ) 27...Rxd5 28.Be4 Rgd8 29.Bxd5 Rxd5 { ? } ) ) ( 17...f4 { !? } 18.exf4
Bd6 { ± ? O-O-O Mednis } ) 18.Qc2 { ! } 18...f4 ( 18...Bf6 19.Rfd1 Rc8 20.Qxf5
Rxc3 21.Rxc3 Qxc3 22.d6 { ! ? Suetin } ) ( 18...O-O 19.Qxf5 Bxh2+ 20.Kxh2 Qxa2
21.Rfd1 { ± Kholmov } ) 19.c4 { ! } ( 19.exf4 { ?! } 19...Bxf4 20.Rb1 { ± } )
19...fxe3 ( 19...b6 20.exf4 Bxf4 21.Rce1 Bd6 22.Bb1 { ? ? ?b2 Kholmov } )
20.c5 { ! } ( 20.fxe3 { ?! } 20...Qc5 21.Qa4+ ( 21.Qe4 f6 { ? } ) 21...Kf8 { ?
} ) 20...Qd2 { ?! } ( 20...Bd4 21.d6 { ! } 21...exf2+ 22.Kh1 O-O-O ( 22...O-O
23.Bb1 Rfe8 24.Qxh7+ Kf8 25.Rxf2 { ! +?? } ) ( 22...e6 23.Qe4 Qxa2 24.Qxd4 O-O
25.Qf6 { ! +?? ? ?c3 } ) 23.Bxf7 { ? de } 23...e5 24.c6 bxc6 25.Qxc6+ Kb8
26.Bd5 { +?? Kholmov } ) ( 20...exf2+ 21.Qxf2 O-O 22.Bb1 { +?? } ) 21.Qa4+ { !
} 21...Kf8 ( 21...Kd8 { !? } 22.Rcd1 e2 ( 22...exf2+ 23.Rxf2 Bxh2+ 24.Kf1 Qh6
25.d6 exd6 26.Rxf7 { +?? } ) 23.Rxd2 Bxh2+ 24.Kxh2 exf1=Q 25.d6 { +?? Kholmov
} ) 22.Rcd1 ( 22.Rc2 { !? Mednis } ) 22...Qe2 ( 22...exf2+ 23.Rxf2 Bxh2+
24.Kf1 Qh6 ( 24...Qe3 25.d6 e6 26.Qh4 { ! +?? } ) ( 24...Qg5 25.d6 f6 (
25...e6 26.Bxe6 Kg7 27.Rf5 { ! } 27...Qg6 28.Rxf7+ Qxf7+ 29.Bxf7 Rhf8 30.g3 {
+?? } ) 26.Qb3 Qg6 ( 26...Qh5 27.g4 { ! } ) 27.dxe7+ Kg7 28.g3 { ! } 28...Bxg3
29.Bb1 { ! } 29...Qg4 30.Rg2 Qf4+ 31.Kg1 { +?? } ) 25.d6 e6 26.Rxf7+ { +??
Kholmov } ) ( 22...e2 23.Rxd2 Bxh2+ 24.Kxh2 exf1=Q 25.d6 { ! ? Suetin } )
23.d6 { !? } ( 23.g3 { ! Petrosian } ) 23...Qh5 { ? } ( 23...Bxh2+ { ! }
24.Kxh2 Qh5+ 25.Kg1 e2 26.Qd4 ( 26.Rd3 { ? } 26...Qh1+ { ! } ) ( 26.dxe7+ Kg7
{ ! } 27.Rd5 { ! } ( 27.Rd3 { ? } 27...Qh1+ { ! ??+ } ) 27...exf1=Q+ 28.Kxf1
Qg6 { ! } 29.Qd4+ ( 29.Qf4 h6 ) 29...f6 30.Rd8 h5 31.Qd7 Kh6 { ? } ) 26...f6 {
! } ( 26...exf1=Q+ 27.Rxf1 f6 28.Re1 { ! } 28...Re8 ( 28...e5 29.Qd5 { +?? ?
?b7, ?e3 } ) 29.d7 Rd8 30.Rxe7 { ! +?? } ) 27.Rd3 exf1=Q+ 28.Kxf1 Qh1+ 29.Ke2
Qh5+ 30.Kd2 Qg5+ 31.Kd1 Qh5+ 32.Kc1 Qg5+ 33.Kc2 Qf5 { ! ? Loktev } ) (
23...exd6 24.fxe3 { ! } 24...Qxe3+ 25.Kh1 f6 26.Rxd6 { ! } 26...Qh6 27.Rdxf6+
{ ! } 27...Bxf6 28.Qd4 Ke8 ( 28...Kg7 29.Qd7+ Kg6 30.Bf7+ { +?? } ) 29.Re1+ {
! } 29...Kf8 ( 29...Be7 30.Qxh8+ Qf8 31.Qxh7 { +?? } ) 30.Qd6+ Kg7 31.Qd7+ Kg6
32.Bb1+ { +?? } ) ( 23...exf2+ 24.Rxf2 ( 24.Kh1 { +?? Suetin } ) 24...Bxh2+
25.Kxh2 Qxf2 26.dxe7+ Kxe7 ( 26...Kg7 27.Qg4+ Kf6 28.Rd6+ Ke5 29.Rd5+ Kf6
30.Qg5+ { +?? } ) 27.Rd7+ Kf8 28.Qc4 { ! +?? Kholmov } ) 24.f4 { ! } ( 24.fxe3
{ ? } 24...Bxh2+ 25.Kf2 Rg8 { ! } ) 24...e2 { ? } ( 24...Bf6 { ! } 25.Rd5 Qg6
{ ! } ( 25...Qh6 { ?! } 26.dxe7+ Bxe7 ( 26...Kg7 27.Rg5+ { ! } 27...Bxg5
28.fxg5 Qxg5 29.Rxf7+ Kh6 30.Qe4 { ! } 30...e2 31.Qe6+ { ! +?? } ) 27.Rf5 Bf6
( 27...f6 28.Qb3 Qg6 29.Rg5 { ! } 29...fxg5 30.fxg5+ Ke8 31.Qxb7 { ! }
31...Rd8 32.Bc4 { +?? } ) ) 26.dxe7+ ( 26.f5 Qh6 27.dxe7+ Kg7 { ! } (
27...Bxe7 { ? } 28.f6 { ! } 28...Bxc5 ( 28...Bxf6 29.Rd7 Qg6 30.Qc4 { ! } ) (
28...Bd8 29.Qe4 { ! +?? } ) 29.Qc4 { ! +?? } ) 28.Qc4 Rhe8 29.Rd7 Kh8 30.Qe4 (
30.Qxf7 e2 31.Re1 Qe3+ 32.Kh1 Qd3 { ??+ } ) 30...Qh4 { ! } 31.Qxh4 ( 31.Qxe3
Rxe7 32.Rxe7 Bd4 { ? } ) 31...Bxh4 32.f6 ( 32.g3 Rxe7 ) 32...e2 { ? } )
26...Bxe7 27.Qb3 { ! } ( 27.Rg5 Bxg5 28.fxg5 e2 { ! } ) ( 27.f5 Qf6 28.Qe4 b6
{ ? } ) ( 27.Qd4 Rg8 { ! } 28.g3 Rc8 29.Bb1 ( 29.Qxe3 Qc2 30.Rd7 Qxc5 31.Qxc5
Bxc5+ 32.Kg2 Rg7 33.Rxb7 f6 { ! } ) 29...Qc6 30.Bxh7 Rg7 31.Bf5 e2 { ! ? } ) (
27.Re1 Rg8 28.g3 Rc8 29.Rxe3 ( 29.Qxa7 Qc2 { ! } ) 29...Bxc5 { ! } 30.Rxc5
Rxc5 31.Re8+ Kg7 32.Qd4+ Kh6 33.Rxg8 Rc1+ { ! } 34.Kf2 Qxg8 { ? } ) 27...Rg8
28.g3 ( 28.Rg5 { ?! } 28...Bxg5 29.fxg5 Rg7 30.Rf6 Re8 31.Kf1 Qh5 32.g6 e2+
33.Ke1 Qh4+ { ??+ } ) 28...e2 ( 28...Rc8 29.Qxb7 Rxc5 ( 29...Qc6 { ? } 30.Rd8+
{ ! +?? } ) 30.Rxc5 Bxc5 31.Qc8+ { +?? } ) 29.Re1 Rc8 30.Rxe2 { ! } ( 30.Qxb7
Bxc5+ 31.Kg2 Qc6 32.Qxc6 Rxc6 33.Rd7 Rf6 34.Rxe2 Kg7 { = } ) 30...Bxc5+ 31.Kf1
Rc7 32.Rd8+ Kg7 33.Qc3+ Kh6 34.Rd5 { ! ± Kholmov } ) 25.fxe5 exd1=Q 26.Rxd1
Qxe5 ( 26...Kg7 27.Rf1 e6 28.Bxe6 { ! } 28...Rhf8 29.Bf5 { +?? ? ?d4, e6 } )
27.Rf1 { ! +?? } 27...f6 ( 27...e6 28.Qd7 { ! } ) ( 27...Qxc5+ 28.Kh1 b5
29.Qe4 { ! +?? } ) ( 27...f5 28.Qb3 e6 29.Qxb7 Qxc5+ 30.Kh1 Re8 31.d7 Rd8
32.Bxe6 { +?? Mednis } ) 28.Qb3 Kg7 ( 28...Ke8 29.Qxb7 Rd8 30.c6 { ! }
30...Qe3+ 31.Kh1 Qe2 32.Rg1 { +?? } ) ( 28...e6 29.Qxb7 Re8 30.c6 { ! +??
Kholmov } ) 29.Qf7+ Kh6 30.dxe7 f5 ( 30...Rhg8 31.Bb1 { ! } ( 31.Rxf6+ Rg6 (
31...Kg5 32.h4+ { ! +?? } ) 32.Qf8+ { ! } 32...Kg5 33.Rf2 { ! } ( 33.h4+ { ? }
33...Kxh4 34.Rxg6 Qxc5+ 35.Qf2+ Qxf2+ 36.Kxf2 hxg6 37.Bf7 { ? } ) 33...Qxc5 (
33...Qa1+ 34.Rf1 Qxa2 35.Qxa8 Kh5 36.Qxb7 { +?? } ) ( 33...Rb8 34.h4+ { ! }
34...Kxh4 35.Qf4+ { ! +?? } ) 34.Qf4+ Kh5 35.Qf5+ Qxf5 36.Rxf5+ Kh6 37.Rf8 {
+?? } ) 31...Rg6 32.Bxg6 hxg6 33.Qf8+ { +?? Byrne } ) ( 30...Rag8 31.Rxf6+ Rg6
32.Qf8+ { ! } 32...Kg5 33.Rf2 { ! +?? Kholmov } ) ( 30...Qxc5+ 31.Kh1 Rhg8
32.Qxf6+ Rg6 33.Qh4+ Qh5 34.Qxh5+ Kxh5 35.Bf7 Rc8 36.h3 { +?? } ) 31.Rxf5 { !
} 31...Qd4+ 32.Kh1 1-0

[Event "Ch USA"]
[Site "masterchessopen.com USA"]
[Round "0"]
[White "Gheorghiu Florin (ROM)"]
[Black "Berry David A (USA)"]
[Result "1-0"]
[WhiteElo "2540"]
[BlackElo "2285"]

1.d4 Nf6 2.c4 g6 3.Nc3 d5 4.Bf4 Bg7 5.e3 c5 6.dxc5 Qa5 7.cxd5 Nxd5 8.Qxd5
Bxc3+ 9.bxc3 Qxc3+ 10.Ke2 Qxa1 11.Be5 Qb1 12.Bxh8 Be6 13.Qd3 Qxa2+ 14.Kf3 f6
15.Bg7 Nc6 16.Kg3 Rd8 17.Qe4 Ne5 18.h3 Rd2 19.Qxb7 Rxf2 20.Qb8+ Kf7 21.Qf8#
1-0

[Event "Zt"]
[Site "masterchessopen.com Reykjavik (Iceland)"]
[Round "0"]
[White "Zwaig Arne (NOR)"]
[Black "Poutiainen Pertti (FIN)"]
[Result "0-1"]
[WhiteElo "2430"]
[BlackElo "2395"]

1.d4 Nf6 2.c4 g6 3.Nc3 d5 4.Bf4 Bg7 5.e3 c5 6.dxc5 Qa5 7.Qb3 Bd7 8.Rc1 Na6
9.Qxb7 O-O 10.c6 Rab8 11.Bxb8 Rxb8 12.Qxb8+ Nxb8 13.cxd7 Nbxd7 14.Nf3 Ne4
15.Nd4 Qb4 16.Rc2 Nxc3 17.bxc3 Qb1+ 18.Kd2 Nc5 19.f3 dxc4 20.g3 e5 21.Bg2 Qb7
22.Ne2 Qd5+ 23.Kc1 Bh6 24.Kb1 Bxe3 25.Re1 Na4 26.Bf1 Bf2 27.Rec1 Qxf3 28.Rd1
Kg7 29.Bh3 Bc5 30.Bd7 Nb6 31.Be8 Ba3 32.Rcd2 Qa8 33.Bb5 a6 {#R} 0-1

[Event "Ch Slovakia"]
[Site "masterchessopen.com Detva (Slovakia)"]
[Round "12"]
[White "Ruckschloss Karol (SVK)"]
[Black "Novak Ivan (SVK)"]
[Result "1-0"]
[WhiteElo "2290"]
[BlackElo "2345"]

1.c4 Nf6 2.Nc3 d5 3.d4 g6 4.Bf4 Bg7 5.e3 c5 6.dxc5 Qa5 7.Qa4+ Qxa4 8.Nxa4 Na6
9.cxd5 Nxd5 10.Bb5+ Bd7 11.Bxd7+ Kxd7 12.Ne2 e5 13.Bg5 h6 14.O-O-O Ke6 15.e4
hxg5 16.Rxd5 Rhc8 17.Kb1 Bf8 18.Rc1 Nb4 19.Rd2 Rd8 20.Rcd1 Rxd2 21.Rxd2 Na6
22.Rc2 Rd8 23.a3 g4 24.b4 Nc7 25.Nac3 f5 26.Rc1 Be7 27.Rd1 Rh8 28.Nd5 Nxd5
29.exd5+ Kd7 30.Rh1 a5 31.Kc2 axb4 32.axb4 b6 33.c6+ Kd6 34.Nc3 e4 35.Rd1 Rxh2
36.Nb5+ Ke5 37.c7 Rh8 38.d6 {#r} 1-0

[Event "It"]
[Site "masterchessopen.com Rimavska Sobota (Slovakia)"]
[Round "2"]
[White "Szymczak Zbigniew (POL)"]
[Black "Novak Ivan (SVK)"]
[Result "1-0"]
[WhiteElo "2279"]
[BlackElo "2345"]

1.d4 Nf6 2.c4 g6 3.Nc3 d5 4.Bf4 Bg7 5.e3 c5 6.dxc5 Qa5 7.Rc1 Ne4 8.cxd5 Nxc3
9.Qd2 Qxa2 10.bxc3 Qxd2+ 11.Kxd2 Nd7 12.Bb5 O-O 13.c6 Nc5 14.Ke2 a6 15.Bc4 Ne4
16.f3 Nxc3+ 17.Kd3 b5 18.Bb3 Nxd5 19.Bxd5 Rd8 20.e4 e6 21.Bc7 exd5 22.Bxd8 a5
23.Bb6 dxe4+ 24.fxe4 b4 25.Nf3 a4 26.Bd4 {#r} 1-0

[Event "Olympiad (telechess)"]
[Site "masterchessopen.com Telex"]
[Round "0"]
[White "Van Scheltinga Theo D (NED)"]
[Black "Mihalcisin Adrian (SLO)"]
[Result "0-1"]
[WhiteElo "2325"]
[BlackElo "2460"]

1.d4 Nf6 2.c4 g6 3.Nc3 d5 4.Bf4 Bg7 5.e3 c5 6.dxc5 Qa5 7.Rc1 Ne4 8.cxd5 Nxc3
9.Qd2 Qxa2 10.bxc3 Qa5 11.Bc4 Nd7 12.Ne2 Nxc5 13.f3 b5 14.Ba2 O-O 15.O-O e5
16.Bg5 f6 17.Bh4 Bd7 18.e4 Rac8 19.Bf2 Rfd8 20.Be3 Bf8 21.Ra1 Bd6 22.h4 Qc7
23.h5 a5 24.hxg6 hxg6 25.g4 Kg7 26.Kg2 Rh8 27.Rh1 a4 28.g5 f5 29.exf5 Bxf5
30.Ng3 Qd7 31.Rxh8 Rxh8 32.Rh1 Rxh1 33.Kxh1 Nb3 34.Qb2 Bd3 35.Qh2 Qf7 36.Kg2
Qxd5 37.Qh6+ Kg8 38.Qh3 Be7 39.Qc8+ Kf7 40.Kf2 Qe6 41.Qa8 {#R} 0-1

[Event "?"]
[Site "masterchessopen.com Trstenik (Yugoslavia)"]
[Round "0"]
[White "Haik Aldo (FRA)"]
[Black "Lechtynsky Jiri (CZE)"]
[Result "0-1"]
[WhiteElo "2425"]
[BlackElo "2420"]

1.d4 Nf6 2.c4 g6 3.Nc3 d5 4.Bf4 Bg7 5.e3 c5 6.dxc5 Qa5 7.Rc1 dxc4 8.Qa4+ Qxa4
9.Nxa4 Bd7 10.Rxc4 Na6 11.Nf3 Bxa4 12.Rxa4 Nxc5 13.Bb5+ Kf8 14.Ra3 Nd5 15.Be5
Bxe5 16.Nxe5 Kg7 17.O-O f6 18.Nf3 a6 19.Be2 Rac8 20.Rd1 Nb4 21.Rc1 Ne4 22.Rxc8
Rxc8 23.Ra4 Rc1+ 24.Bf1 a5 25.a3 Ra1 26.Rxa5 Nd3 27.Rb5 Ndxf2 28.Rxb7 Kf8
29.Rb3 g5 30.Rb4 g4 31.Nd4 Kf7 32.Nf5 h5 33.Ng3 Nxg3 34.hxg3 Nd3 35.Rb5 e5
36.e4 Rc1 37.Rb3 Nc5 38.Rc3 Rxc3 39.bxc3 Ke7 40.c4 Kd6 41.Kf2 Nxe4+ 42.Ke3
Nxg3 43.Bd3 f5 44.Bc2 f4+ 45.Kd3 h4 {#R} 0-1

[Event "Ch BRD"]
[Site "masterchessopen.com Bad Neuenahr (Germany)"]
[Round "0"]
[White "Gerusel Mathias (GER)"]
[Black "Budde Vladimir (GER)"]
[Result "0-1"]
[WhiteElo "2395"]
[BlackElo "2235"]

1.d4 Nf6 2.c4 g6 3.Nc3 d5 4.Bf4 Bg7 5.e3 c5 6.dxc5 Qa5 7.Nf3 Ne4 8.Be5 Bxe5
9.Nxe5 Nxc3 10.Qd2 f6 11.Nf3 Be6 12.Nd4 Bf7 13.Nb3 Qa4 14.Qxc3 dxc4 15.Na5 Nc6
16.Nxc4 Qb4 17.Rc1 Qxc5 18.Be2 Nb4 19.Qb3 b5 20.O-O O-O 21.Ne5 Qxc1 22.Qxb4
Qc2 23.Bd1 a5 24.Qxe7 Qe4 25.Qxf6 Bd5 26.Qg5 Rf5 {#R} 0-1

[Event "Cup Rilton"]
[Site "masterchessopen.com Stockholm (Sweden)"]
[Round "0"]
[White "Hult B"]
[Black "Welin Thomas (SWE)"]
[Result "0-1"]
[WhiteElo "2200"]
[BlackElo "2375"]

1.c4 g6 2.d4 Nf6 3.Nc3 d5 4.Bf4 Bg7 5.e3 c5 6.cxd5 Nxd5 7.Bxb8 Rxb8 8.Qa4+ Bd7
9.Bb5 Nxc3 10.bxc3 a6 11.Bxd7+ Qxd7 12.Qxd7+ Kxd7 13.Nf3 Rhc8 14.Kd2 b5
15.Rab1 h6 16.Rb2 f5 17.Rhb1 e6 18.a4 Kc6 19.axb5+ axb5 20.Ra2 Ra8 21.Rba1
Rxa2+ 22.Rxa2 Kb6 23.Ra3 c4 24.Ne1 Bf8 25.Ra1 Bd6 26.Nc2 g5 27.h3 h5 28.Ke2 h4
29.f3 Rg8 30.Rf1 Ra8 31.Rb1 Ra2 32.Kd2 e5 33.d5 Bc5 34.e4 f4 35.Ra1 Rb2 36.Kc1
Rb3 37.Kd2 Rb2 38.Kc1 Rb3 39.Kd2 Bf2 40.Ra8 Be3+ 41.Nxe3 fxe3+ 42.Kc2 Rb1
43.d6 {#R} 0-1

[Event "It (cat.9)"]
[Site "masterchessopen.com Banja-Luka (Bosnia & Herzegovina)"]
[Round "0"]
[White "Farago Ivan (HUN)"]
[Black "Filipovic Branko (CRO)"]
[Result "0-1"]
[WhiteElo "2515"]
[BlackElo "2215"]

1.d4 Nf6 2.c4 g6 3.Nc3 d5 4.Bf4 Bg7 5.e3 c5 6.dxc5 Qa5 7.Rc1 Ne4 8.cxd5 Nxc3
9.Qd2 Qxa2 10.bxc3 Qa5 11.Bc4 Nd7 12.Ne2 Ne5 13.Ba2 Qxc5 14.O-O O-O 15.c4 a5
16.e4 Qb4 17.Qc2 Qa3 18.Nc3 Bd7 19.Rfd1 Rfc8 20.Nb1 Qd6 21.Kh1 g5 22.Bxg5 Bg4
23.f4 Bxd1 24.Qxd1 Ng6 25.f5 Ne5 26.Qe2 Bh6 27.h4 Bxg5 28.hxg5 b5 29.Rf1 bxc4
30.Nc3 Rab8 31.f6 exf6 32.gxf6 Kh8 33.Qh5 Rg8 34.Rf5 Rb2 35.Rxe5 Qxf6 36.Bxc4
Rbxg2 37.Rf5 Rg1+ 38.Kh2 R8g2+ 39.Kh3 Qxc3+ {#R} 0-1

[Event "Bundesliga 1980/81"]
[Site "masterchessopen.com Germany"]
[Round "0"]
[White "Gerusel Mathias (GER)"]
[Black "Huenerkopf Heinz (GER)"]
[Result "1-0"]
[WhiteElo "2380"]
[BlackElo "2285"]

1.d4 Nf6 2.c4 g6 3.Nc3 d5 4.Bf4 Bg7 5.e3 c5 6.dxc5 Qa5 7.Qa4+ Qxa4 8.Nxa4 Ne4
9.f3 Bd7 10.fxe4 Bxa4 11.Bxb8 Rxb8 12.exd5 Bxb2 13.Rb1 Bc3+ 14.Kf2 O-O 15.Ne2
Be5 16.Rb4 Bd7 17.Nc1 Rfc8 18.Nd3 Bg7 19.Be2 a5 20.Rb6 e5 21.Rhb1 e4 22.c6
exd3 23.cxd7 Rd8 24.Rxb7 Rxb7 25.Rxb7 dxe2 26.Rc7 Kf8 27.d6 f5 28.Rc8 Bf6
29.c5 Kf7 30.c6 Ke6 31.c7 Kxd7 32.cxd8=Q+ Bxd8 33.Ra8 Bb6 34.Kxe2 Kxd6 35.Rh8
{#r} 1-0

[Event "Ch DDR (juniors) (under 20)"]
[Site "masterchessopen.com Ilmenau (Germany)"]
[Round "0"]
[White "Hein Carsten (GER)"]
[Black "Belke Frank (GER)"]
[Result "0-1"]
[WhiteElo "2178"]
[BlackElo "2246"]

1.d4 Nf6 2.c4 g6 3.Nc3 d5 4.Bf4 Bg7 5.e3 c5 6.cxd5 Nxd5 7.Bxb8 Rxb8 8.Bb5+ Bd7
9.Qa4 Nxc3 10.bxc3 a6 11.Bxd7+ Qxd7 12.Qxd7+ Kxd7 13.Ne2 Rhc8 14.O-O cxd4
15.cxd4 Rc2 16.Nc1 Rbc8 17.Nd3 R8c3 18.Nc5+ Kc8 19.Rab1 Rxa2 20.Rxb7 Rxc5 {#R}
0-1

[Event "Cup Riga"]
[Site "masterchessopen.com Riga (Latvia)"]
[Round "0"]
[White "Veingold Aleksandr (EST)"]
[Black "Malaniuk Vladimir P (UKR)"]
[Result "0-1"]
[WhiteElo "2473"]
[BlackElo "2496"]

1.d4 Nf6 2.c4 g6 3.Nc3 d5 4.Bf4 Bg7 5.e3 c5 6.dxc5 Qa5 7.Rc1 Ne4 8.cxd5 Nxc3
9.Qd2 Qxa2 10.bxc3 Qa5 11.Bc4 Nd7 12.Ne2 Nxc5 13.O-O Ne4 14.Qd3 Nd6 15.Bxd6
exd6 16.Qe4+ Kf8 17.Nd4 Bd7 18.Rb1 Qc7 19.Bb5 Bf6 20.c4 Kg7 21.Bxd7 Qxd7
22.Ne6+ Kg8 23.c5 Re8 24.Qf3 Be5 25.Rfc1 fxe6 26.c6 bxc6 27.dxc6 Qf7 28.Rb7
Qxf3 29.gxf3 Bf6 30.Rxa7 Kf8 31.Rb1 Be7 32.Rbb7 Kf7 33.f4 e5 34.fxe5 dxe5
35.Kg2 Ke6 36.Kf3 Rhf8+ 37.Ke4 Rxf2 38.Ra5 Bd6 39.Rxh7 Rc8 40.Rg7 Kf6 41.Raa7
Rxh2 42.Rad7 Rxc6 43.Kd5 Ra6 {#R} 0-1